000 00723nam a2200241Ia 4500
003 OSt
005 20220923223949.0
006 a|||||r|||| 00| 0
007 ta
008 Pun
024 _a223,680
037 _cTextual
040 _aARTS
_cARTS
_bPun
041 _2Pun
_aPun
082 _aO111,2J64,CD, 153L2
100 _aਆਹੂਜਾ, ਰ ਲ
_9158365
245 0 _aਕਲੀਊਪੌਤਰਾ ਦਾ ਦੁਖਾਂਤ
260 _aਜਲੰਧਰ
_b ਕੇ ਲਾਲ ਔਜ਼ਡ ਕੰਪਨੀ
_c1972
300 _a144ਪੰ
_ccm.
650 _aਅੰਗ੍ਰੇਜੀ ਸਾਹਿਤ
942 _hO111,2J64,CD, 153L2
_cTEXL
_2CC
999 _c368447
_d368447